000 00663nam a2200217Ia 4500
003 GCL
005 20240530103201.0
008 140319s9999 xx 000 0 ara d
040 _aGCL /
_cGCL
082 0 4 _a364.162
_bم س
100 1 _aمعوض عبدالتواب
245 1 0 _aالسرقة واغتصاب السندات والتهديد /
_cمعوض عبدالتواب
260 _a[S.N] :
_bدار المشرق العربى ،
_c1988
300 _a423 ص
650 0 4 _aالقانون
650 0 4 _aالجرائم التجارية
650 0 4 _aقانون العقوبات
650 0 4 _aالسرقة
650 0 4 _aالجرائم
942 _2ddc
_cBK
999 _c37408
_d37408